The Greatenss guide 2 (Record no. 1262473)

MARC details
000 -LEADER
fixed length control field 00460nam a2200193Ia 4500
008 - FIXED-LENGTH DATA ELEMENTS--GENERAL INFORMATION
fixed length control field 151121s9999||||xx |||||||||||||| ||und||
082 ## - DEWEY DECIMAL CLASSIFICATION NUMBER
Classification number 153/SHA
082 ## - DEWEY DECIMAL CLASSIFICATION NUMBER
Item number HNW-113332
100 ## - MAIN ENTRY--PERSONAL NAME
Personal name Sharma Robin
245 #4 - TITLE STATEMENT
Title The Greatenss guide 2
260 ## - PUBLICATION, DISTRIBUTION, ETC. (IMPRINT)
Name of publisher, distributor, etc "Jaico, Delhi।"
260 ## - PUBLICATION, DISTRIBUTION, ETC. (IMPRINT)
Date of publication, distribution, etc 2012
300 ## - PHYSICAL DESCRIPTION
Extent 203
600 ## - SUBJECT ADDED ENTRY--PERSONAL NAME
Personal name Sharma Robin
630 ## - SUBJECT ADDED ENTRY--UNIFORM TITLE
Uniform title The Greatenss guide 2
700 ## - ADDED ENTRY--PERSONAL NAME
Personal name Sharma Robin
730 ## - ADDED ENTRY--UNIFORM TITLE
Uniform title The Greatenss guide 2
942 ## - ADDED ENTRY ELEMENTS (KOHA)
Koha item type Book
Holdings
Withdrawn status Lost status Damaged status Not for loan Home library Current library Date acquired Cost, normal purchase price Total Checkouts Full call number Barcode Date last seen Cost, replacement price Price effective from Koha item type
        Hirachand Nemchand Wachanalaya, Solapur Hirachand Nemchand Wachanalaya, Solapur 08/06/2013 225.00   HNW-113332 HNW-113332 11/21/2015 225.00 11/21/2015 Book